Richest european Metropolitan areas by GDP - Statistics

General Stats
  • This quiz has been taken 371 times
  • The average score is 56 of 70
Answer Stats
Countries # Worldwide GDP๏นฉ Metro area % Correct
๐Ÿ‡ณ๐Ÿ‡ฑ 56 223.000 Amsterdam-Rotterdam
100%
๐Ÿ‡ฌ๐Ÿ‡ง 4 978.402 London
100%
๐Ÿ‡ซ๐Ÿ‡ท 5 934.168 Paris
100%
๐Ÿ‡ฉ๐Ÿ‡ช 10 636.449 Rhine-Ruhr
100%
๐Ÿ‡ช๐Ÿ‡ธ 69 173.315 Barcelona
99%
๐Ÿ‡ฉ๐Ÿ‡ช 51 243.160 Berlin
99%
๐Ÿ‡ช๐Ÿ‡ธ 37 280.937 Madrid
99%
๐Ÿ‡ฎ๐Ÿ‡น 32 329.529 Milan
99%
๐Ÿ‡ท๐Ÿ‡บ 31 347.000 Moscow
99%
๐Ÿ‡ง๐Ÿ‡ช 130 99.000 Brussels
98%
๐Ÿ‡ฉ๐Ÿ‡ช 48 249.764 Munich
98%
๐Ÿ‡ฎ๐Ÿ‡น 75 166.800 Rome
98%
๐Ÿ‡ธ๐Ÿ‡ช 72 170.000 Stockholm
98%
๐Ÿ‡ฉ๐Ÿ‡ฐ 98 134.400 Copenhagen
97%
๐Ÿ‡ฎ๐Ÿ‡ช 109 118.720 Dublin
97%
๐Ÿ‡ฉ๐Ÿ‡ช 54 229.985 Frankfurt
97%
๐Ÿ‡ฌ๐Ÿ‡ง 112 113.300 Manchester
97%
๐Ÿ‡ซ๐Ÿ‡ท 122 104.100 Marseille
97%
๐Ÿ‡ฆ๐Ÿ‡น 114 112.000 Vienna
97%
๐Ÿ‡ฌ๐Ÿ‡ง 106 121.067 Birmingham
96%
๐Ÿ‡ต๐Ÿ‡ฑ 127 100.000 Warsaw
96%
๐Ÿ‡จ๐Ÿ‡ญ 118 109.065 Zurich
96%
๐Ÿ‡ฉ๐Ÿ‡ช 96 138.040 Hamburg
95%
๐Ÿ‡ซ๐Ÿ‡ฎ 140 90.800 Helsinki
95%
๐Ÿ‡ต๐Ÿ‡น 116 110.000 Lisbon
95%
๐Ÿ‡ณ๐Ÿ‡ด 176 71.680 Oslo
95%
๐Ÿ‡ท๐Ÿ‡บ 159 81.100 Saint Petersburg
95%
๐Ÿ‡ซ๐Ÿ‡ท 145 88.200 Lyon
94%
๐Ÿ‡ฎ๐Ÿ‡น 195 62.800 Naples
94%
๐Ÿ‡ฌ๐Ÿ‡ท 137 93.700 Athens
93%
๐Ÿ‡จ๐Ÿ‡ฟ 190 64.000 Prague
91%
๐Ÿ‡ท๐Ÿ‡ด 192 63.430 Bucharest
90%
๐Ÿ‡ญ๐Ÿ‡บ 212 58.500 Budapest
90%
๐Ÿ‡ฌ๐Ÿ‡ง 185 66.400 Glasgow
90%
๐Ÿ‡ฉ๐Ÿ‡ช 68 173.500 Stuttgart
89%
๐Ÿ‡จ๐Ÿ‡ญ 252 43.980 Geneva
88%
๐Ÿ‡ช๐Ÿ‡ธ 205 60.274 Valencia
88%
๐Ÿ‡ฌ๐Ÿ‡ง 264 41.800 Edinburgh
87%
๐Ÿ‡ฌ๐Ÿ‡ง 277 39.641 Liverpool
87%
๐Ÿ‡ฎ๐Ÿ‡น 166 76.900 Turin
87%
๐Ÿ‡ฎ๐Ÿ‡น 197 62.200 Venice-Padua
87%
๐Ÿ‡ฌ๐Ÿ‡ง 148 86.166 Leeds
86%
๐Ÿ‡ฑ๐Ÿ‡บ ๐Ÿ‡ฉ๐Ÿ‡ช 180 69.453 Luxembourg-Trier
80%
๐Ÿ‡ช๐Ÿ‡ธ 251 44.665 Sevilla
80%
๐Ÿ‡ฎ๐Ÿ‡น 272 40.100 Florence
79%
๐Ÿ‡ธ๐Ÿ‡ช 153 84.400 Gothenburg
79%
๐Ÿ‡ซ๐Ÿ‡ท 155 83.300 Lille
78%
๐Ÿ‡ซ๐Ÿ‡ท 295 36.000 Nice
78%
๐Ÿ‡ซ๐Ÿ‡ท 219 55.900 Bordeaux
77%
๐Ÿ‡ซ๐Ÿ‡ท 211 58.700 Toulouse
77%
๐Ÿ‡ฌ๐Ÿ‡ง 296 36.000 Newcastle
73%
๐Ÿ‡ฉ๐Ÿ‡ช 227 51.500 Hanover
71%
๐Ÿ‡จ๐Ÿ‡ญ ๐Ÿ‡ซ๐Ÿ‡ท 218 56.166 Basel-Mulhouse
69%
๐Ÿ‡ซ๐Ÿ‡ท 230 51.000 Nantes
68%
๐Ÿ‡ฉ๐Ÿ‡ช ๐Ÿ‡ง๐Ÿ‡ช ๐Ÿ‡ณ๐Ÿ‡ฑ 128 99.728 Aachen-Liรจge-Maastricht
65%
๐Ÿ‡ฎ๐Ÿ‡น 269 40.600 Bologna
65%
๐Ÿ‡ซ๐Ÿ‡ท 289 37.282 Strasbourg
65%
๐Ÿ‡ช๐Ÿ‡ธ 290 36.900 Bilbao
64%
๐Ÿ‡ฉ๐Ÿ‡ช 77 164.600 Nuremberg-Fรผrth
64%
๐Ÿ‡ฌ๐Ÿ‡ง 231 50.972 Nottingham-Derby
56%
๐Ÿ‡ฌ๐Ÿ‡ง 298 35.500 Portsmouth-Southampton
55%
๐Ÿ‡ณ๐Ÿ‡ฑ 139 91.539 Eindhoven-Den Bosch
53%
๐Ÿ‡ต๐Ÿ‡ฑ 284 37.900 Katowice
48%
๐Ÿ‡ฆ๐Ÿ‡น 285 37.900 Linz
48%
๐Ÿ‡ฌ๐Ÿ‡ง 244 46.800 Leicester
44%
๐Ÿ‡ฉ๐Ÿ‡ช 234 50.483 Bielefeld-Detmold
29%
๐Ÿ‡ฉ๐Ÿ‡ช 288 37.600 Karlsruhe
25%
๐Ÿ‡ฉ๐Ÿ‡ช 247 45.543 Brunswick-Wolfsburg
24%
๐Ÿ‡ฉ๐Ÿ‡ช 265 41.684 Saarbrucken
22%
๐Ÿ‡ซ๐Ÿ‡ท 294 36.100 Amiens
10%
No matching quizzes found
Score Distribution
Percent of People with Each Score
Percentile by Number Answered
Your Score History
You have not taken this quiz